• 首页
  • 本馆介绍
  • 公告通知
  • 最新文献
  • 馆藏检索
  • 电子资源
  • 读者导购
  • 参考咨询
  • 我的图书馆
  • 登录
  • 详细信息显示
  • 放入我的书架
  • 预约/预借图书
  • 作者相关作品
  • 分类相关作品
  • 丛书相关作品
  • 出版社相关作品

书目信息

  • 表格格式
  • 工作单格式
  • 卡片格式
题名:
污染红土的宏微观响应关系
    
 
作者: 黄英 , 伯桐震 , 任礼强 著
分册:  
出版信息: 成都   四川大学出版社  2018
页数: 176页
开本: 26cm
丛书名:
单 册:
中图分类: X53
科图分类:
主题词: 红土--hong tu--土壤污染--污染防治--云南省
电子资源:
ISBN: 978-7-5690-1547-8
000 01157nam0 2200277 450
001 012001003090
005 20120101064958.0
010    @a978-7-5690-1547-8@dCNY48.80
099    @aCAL 012018098776
100    @a20180623d2018 em y0chiy50 ea
101 0  @achi
102    @aCN@b510000
105    @aak a 000yy
106    @ar
200 1  @a污染红土的宏微观响应关系@Awu ran hong tu de hong wei guan xiang ying guan xi@f黄英, 伯桐震, 任礼强等著
210    @a成都@c四川大学出版社@d2018
215    @a176页@c图@d26cm
320    @a有书目 (第170-176页)
330    @a本书是国家自然科学基金“污染红土的宏微观响应及污染物的迁移机制研究”(项目编号: 51168022) 项目的部分研究成果。主要针对云南红土, 以盐酸、氢氧化钠、六偏磷酸钠、硫酸亚铁作为污染物, 人工制备污染红土, 通过宏观和微观试验手段, 采用试验、理论以及图像处理技术相结合的研究方法, 对比分析了云南污染红土的宏观工程特性及其对应的微结构特性。
606 0  @a红土@Ahong tu@x土壤污染@x污染防治@y云南省
690    @aX53@v5
701  0 @a黄英@Ahuang ying@4著
701  0 @a伯桐震@Abo tong zhen@4著
701  0 @a任礼强@Aren li qiang@4著
801  0 @aCN@b北京卓展@c20191020
905    @b1210348-51@dX53@e210@f4
    
    污染红土的宏微观响应关系/黄英, 伯桐震, 任礼强等著.-成都:四川大学出版社,2018
    176页:图;26cm
    
    
    ISBN 978-7-5690-1547-8:CNY48.80
    本书是国家自然科学基金“污染红土的宏微观响应及污染物的迁移机制研究”(项目编号: 51168022) 项目的部分研究成果。主要针对云南红土, 以盐酸、氢氧化钠、六偏磷酸钠、硫酸亚铁作为污染物, 人工制备污染红土, 通过宏观和微观试验手段, 采用试验、理论以及图像处理技术相结合的研究方法, 对比分析了云南污染红土的宏观工程特性及其对应的微结构特性。
●
相关链接 在E读中查询图书 在五车中查询图书 在当当中查询图书 在豆瓣中查询图书


正题名:污染红土的宏微观响应关系     索取号:X53/210         预约/预借

序号 登录号 条形码 馆藏地/架位号 状态 备注
1 1210348   212103481   第二样本阅览室/ [索取号:X53/210] 在馆    
2 1210349   212103490   第三借阅区/ [索取号:X53/210] 在馆    
3 1210350   212103506   第三借阅区/ [索取号:X53/210] 在馆    
4 1210351   212103515   第三借阅区/ [索取号:X53/210] 在馆    
唐山师范学院图书馆 欢迎您!
大连网信软件有限公司© 版权所有